000 00461nam a2200169Ia 4500
008 230917s9999||||xx |||||||||||||| ||und||
020 _cRS1595
040 _e238159
_aMAIN
041 _aEnglish
082 _a301.045 B433M
100 _aBendix, Reinhard
245 0 _aMax weber: An intellectual portrait
260 _aJaipur
_bRawat Pubilcations
_c1978
300 _aLII, 522 p.
500 _a2619 17/02/2017 HBD17/6855 08/03/2017 Main Budget
942 _cBK
999 _c21527
_d21527